| 000 | 00714cam a22001934a 4500 | ||
|---|---|---|---|
| 005 | 20250605164016.0 | ||
| 008 | 250528s ||||||||||||||||||||||||d | ||
| 035 | _a16166 | ||
| 020 | _a471611360 | ||
| 040 |
_aGR-AtMCL _bgre _dGR-AtMCL _eAACR2 |
||
| 245 | 1 | _aComputer Intensive Methods for Testing Hypotheses / An Introduction | |
| 260 |
_bJohn Wiley And Sons, Inc, _c1989 |
||
| 300 | _a230 | ||
| 520 | _aPreface, Introduction, Approximate Randomization Tests, Monte Carlo Sampling, Bootstrap Resampling, Conclusion, Appendices, BASIC Programs, FORTRAN Programs, PASCAL Program, Probability Tables, References, Index. | ||
| 700 | 1 |
_aNoreen Eric W _91186 |
|
| 942 | _cBK | ||
| 999 |
_c1701 _d1701 |
||